000 00738nam a22002175i 4500
001 162035
003 ES-MaACL
005 20250716000649.0
008 960201s1877 sp |||| | spa d
080 _a323.172
080 _a323.172(460)
100 1 _aPi y Margall, Francisco,
_d1824-1901
_991732
245 1 4 _aLas nacionalidades /
_cpor F. Pi y Margall.
250 _a2ª ed.
260 _aMadrid :
_bImp. y Librería de Eduardo Martínez, (sucesor de Escribano),
_c1877.
300 _a376 p. ;
_c19 cm.
650 0 4 _aFederalismo
_912738
650 0 4 _aFederalismo-
_zEspaña-
_yS.XIX
_912740
852 _aES-MaACL
_jArmario 18
_z- Legado M. de la Fuente
_z- Enc. hol.
_xOlim: D-3146
999 _c162035
_d162035